La igualdad en espera (Registro nro. 17721)

Detalles MARC
000 -LEADER
fixed length control field 00299 a2200109 4500
001 - CONTROL NUMBER
control field ART_49981
005 - DATE AND TIME OF LATEST TRANSACTION
control field 20260410161729.0
008 - FIXED-LENGTH DATA ELEMENTS--GENERAL INFORMATION
fixed length control field 260409a
100 1# - MAIN ENTRY--PERSONAL NAME
Personal name Pautassi, Laura C.
245 10 - TITLE STATEMENT
Title La igualdad en espera
773 0# - HOST ITEM ENTRY
Title Lecciones y ensayos
Related parts - Nº 89 (ene. 2011)
Record control number REV2658

No hay ítems disponibles.